Ostéopathies déminéralisantes : à l'exception des ostéopathies endocriniennes (Record no. 17554)

MARC details
000 -LEADER
fixed length control field 00433 a2200181 4500
035 ## - SYSTEM CONTROL NUMBER
System control number 0319
035 ## - SYSTEM CONTROL NUMBER
System control number 0320
035 ## - SYSTEM CONTROL NUMBER
System control number 7885
100 ## - VEDETTE PRINCIPALE - NOM DE PERSONNE
Personal name Epiney, J.
245 ## - TITLE STATEMENT
Title Ostéopathies déminéralisantes : à l'exception des ostéopathies endocriniennes
260 ## - PUBLICATION, DISTRIBUTION, ETC. (IMPRINT)
Date of publication, distribution, etc 1969
300 ## - PHYSICAL DESCRIPTION
Extent 63 p.
700 ## - ADDED ENTRY--PERSONAL NAME
Personal name Courvoisier, B.
700 ## - ADDED ENTRY--PERSONAL NAME
Personal name Martin, E.
Holdings
Withdrawn status Lost status Damaged status Not for loan Location (home branch) Sublocation or collection (holding branch) Date acquired Koha issues (times borrowed) Koha full call number Koha date last seen Price effective from Koha item type
        Bibliothèque Faculté des Sciences de la Santé Bibliothèque Faculté des Sciences de la Santé 27/02/2009   WB 940 EPI 27/02/2009 27/02/2009 Livre


© 2008, Bibliothèques de l'Université d'Abomey-Calavi

04 BP 789 Cotonou, Tél. : +229 21 36 01 01, Fax : +229 21 35 06 32

Courriel : bu@bu.uac.bj